Deutsche Städte nach Lebensqualität - Statistiken

Allgemein
  • Dieses Quiz wurde 92 mal gespielt
  • Das Durchschnittsergebnis liegt bei 15 aus 20
Antwortstatistiken
Platz Stadt Bundesland % Korrekt
1 München Bayern
100%
2 Stuttgart Baden-Württemberg
97%
4 Frankfurt am Main Hessen
95%
11 Düsseldorf Nordrhein-Westfalen
88%
17 Köln Nordrhein-Westfalen
87%
10 Hamburg Hamburg
84%
6 Mainz Rheinland-Pfalz
83%
14 Freiburg im Breisgau Baden-Württemberg
81%
5 Regensburg Bayern
81%
19 Potsdam Brandenburg
78%
16 Würzburg Bayern
77%
20 Heidelberg Baden-Württemberg
74%
3 Ingolstadt Bayern
70%
8 Ulm Baden-Württemberg
70%
12 Münster Nordrhein-Westfalen
66%
18 Bonn Nordrhein-Westfalen
61%
13 Darmstadt Hessen
61%
7 Erlangen Bayern
56%
9 Wolfsburg Niedersachsen
56%
15 Heilbronn Baden-Württemberg
47%
Keine übereinstimmenden Quizze gefunden
Verteilung der Resultate
Anzahl Personen mit jedem Resultat
Perzentil nach korrekt beantworteten Fragen
Ihre Resultats-Entwicklung
Sie haben dieses Quiz noch nicht gespielt